书目信息 |
| 题名: |
婴儿与母亲:育儿指南
|
|
| 作者: | 周俊旭 | |
| 分册: | ||
| 出版信息: | 上海 上海人民出版社 1997.12 |
|
| 页数: | 649页 | |
| 开本: | 32开 | |
| 丛书名: | ||
| 单 册: | ||
| 中图分类: | R174-62 | |
| 科图分类: | ||
| 主题词: | 妇幼卫生 | |
| 电子资源: | ||
| ISBN: | 7-208-02749-8 | |
| 000 | 00530nam0 2200181 45 | |
| 001 | 9911301546 | |
| 005 | 19991130154115.8 | |
| 010 | @a7-208-02749-8@d28.00 | |
| 100 | @a19991130d1997 km y0chiy0120 ea | |
| 101 | @achi | |
| 105 | @a z 000yy | |
| 200 | 1 | @a婴儿与母亲:育儿指南@AYing Er Yu Mu Qin:Yu Er Zhi Nan@f周俊旭@FZhou Jun Xu |
| 210 | @a上海@c上海人民出版社@d1997.12 | |
| 215 | @a649页@c无图表@d32开 | |
| 606 | 0 | @a妇幼卫生 |
| 690 | @aR174-62@v3 | |
| 801 | @aCN@bPerfectUser@c19991130 | |
| 905 | @aBZT@b62607-611@f5@dR174-62@e4 | |
| 婴儿与母亲:育儿指南/周俊旭.-上海:上海人民出版社,1997.12 |
| 649页:无图表;32开 |
| ISBN 7-208-02749-8:28.00 |
| ● |
| 相关链接 |
|
|
|
正题名:婴儿与母亲:育儿指南
索取号:R174-62/4
 
预约/预借
| 序号 | 登录号 | 条形码 | 馆藏地/架位号 | 状态 | 备注 |
| 1 | 62607 | 200193156 | 中心书库中库/ 中库002架A面5列4层12/ [索取号:R174-62/4] | 在馆 | |
| 2 | 62608 | 200193165 | 中心书库中库/ 中库002架A面5列4层11/ [索取号:R174-62/4] | 在馆 | |
| 3 | 62609 | 200193110 | 中心书库中库/ 中库002架A面5列4层9/ [索取号:R174-62/4] | 在馆 | |
| 4 | 62610 | 200375575 | 中心书库中库/ 中库002架A面5列4层10/ [索取号:R174-62/4] | 在馆 | |
| 5 | 62611 | 200193147 | 中心书库中库/ 中库002架A面5列4层13/ [索取号:R174-62/4] | 在馆 |